| 000 | 00628nam a2200217 i 4500 | ||
|---|---|---|---|
| 001 | 124485 | ||
| 003 | ES-MaACL | ||
| 005 | 20250813062617.0 | ||
| 007 | t| | ||
| 008 | 070328s1929 sp ||||1| spa d | ||
| 100 | 1 |
_aMoore, G. E. _982811 |
|
| 245 | 1 | 0 |
_aEtica / _cG.E. Moore ; traducción de Manuel Cardenal Iracheta. |
| 260 |
_aBarcelona : _bLabor, _c[1929] |
||
| 300 |
_a194 p. ; _c17 cm. |
||
| 490 | 1 |
_aColección Labor ; _v203 |
|
| 650 | 1 | 7 |
_aÉtica _2embne _912577 |
| 700 | 1 |
_aCardenal de Iracheta, Manuel. _935131 |
|
| 830 | 0 | 0 |
_aColección Labor _v203 _9184254 |
| 852 |
_aES-MaACL _jE-2718 |
||
| 999 |
_c124485 _d124485 |
||